000 01050nam a2200253Ia 4500
001 Z_2907
008 220601s9999 xx 000 0 und d
020 _a968-25-0782-0
082 _a636.214 B38y
100 _aBath, Donald L.
_910806
245 _aGanado lechero : principios, prácticas, problemas y beneficios / por Donald L. Bath; [et. ál.]
250 _a2a ed.
260 _aMéxico, D. F. : Interamericana
300 _a541 p.
500 _aTraducción y adaptación de la segunda 2a ed. en inglés de 1978 de la obra: Dary Cattle: principles, practices, problems, profits.Priera edición en español 1982
503 _a1697, 129540
650 _a1. Ganado lechero
_9152229
700 _aI. Dickinson, Frank, coautor II. Tucker, H. Allen, coautor III. Appleman, Robert D. caoutor IV. Contín Sanz, Agustín, traductor V. González Muñoz, Sergio, revisión técnica.Ì
_9179932
901 _a636.214 B38Y
902 _aM
905 _a0000001982 admn0000000000 00
942 _c1
999 _c216888
_d216888